| 000 | 00409nam a2200157Ia 4500 | ||
|---|---|---|---|
| 003 | GCL | ||
| 008 | 140319s9999 xx 000 0 eng d | ||
| 040 |
_aGCL / _cGCL |
||
| 082 | 0 | 4 |
_a660.2815 _bM P |
| 100 | 1 | _aMARLIN, THAMASE | |
| 245 | 1 | 0 |
_aPROCESS CONTROL / _cMARLIN, THAMASE |
| 260 |
_a[S.N] : _bMGROW - HILL, INC ، _c1995 |
||
| 300 | _a951 | ||
| 650 | 0 | 4 | _aCHEMICAL PROCESS ENGINEERING |
| 942 |
_2ddc _cBK |
||
| 999 |
_c10427 _d10427 |
||